00577nam a2200145Ia 4500008004100000024006000041082001700101100007400118245003000192260002600222600002100248650003800269856010700307999001700414260210s9999 xx 000 0 und d a15B-009-CS, 15B-001-CS, 15B-062-CS & 15B-063-CS a005.9072 ARS aArsalan Akhter, Mohib Ahmed, Muhammad Rizwan & Mustajab Abbas Ali 0aVoice Sentiments Analysis aKarachi:bUITU,c2015 aComputer Science aBachelor of Computer Science (BS) uhttps://drive.google.com/file/d/14AhA-tdxsLBT61HDsYN4ToqpVaAjRjFO/view?usp=sharingyClick here for PDF c32336d32336